000 00445cam a2200181ua 4500
020 _c4.37
041 _aeng
_h
082 _a539.5352
_bRUM/IN
100 _aRumyantsev, M .
245 _aIndustrial radiology /
_cS Rumyantsev.
_hTextual Documents
250 _a1 /
_b.
260 _aMoscow :
_bForeign Language Publishing House ,
_c1961.
300 _a276 ; .
365 _a4.37
504 _a
942 _cBK
999 _c3163
_d3163